00341nam a2200145Ia 4500008004100000020001500041041001200056082001600068100001600084245003800100250000800138260002500146300000800171650001600179221030s9999 xx 000 0 und d a812031459X aEnglish a105.23bCom aD. E. Comer 4aThe Internet Bookcby D. E. Comer a2nd bPHIaNew Delhic2001 a327 aBE Computer